000 00295nam a2200109Ia 4500
008 200302s9999 xx 000 0 und d
100 _aStefano Casciani
245 _aIndustrial Art Objects, Play and Thought in Danese production
260 _barcadia Edizioni
260 _c1988
300 _a194 P.,
999 _c2182
_d2182